Днес, утре, сега, веднага... (Запис номер 495555)
[ съкратено ]
| 000 -Лидер | |
|---|---|
| Лидер | 01573aam a2200265 a 4500 |
| 003 - Код на организацията, давaща контролен номер | |
| Код на организацията, даваща контролен номер | BLK |
| 005 - Дата и час на последна редакция | |
| Дата и час на последна редакция | 20250725111333.0 |
| 008 - Елементи от данни с фиксирана дължина | |
| Елементи с фиксирана дължина | 181012b bu ||||| |||| 00| 0 bu d |
| 020 ## - Международен стандартен номер на книга ISBN | |
| ISBN | 978-619-199-209-6 |
| 020 ## - Международен стандартен номер на книга ISBN | |
| ISBN | 3800083820758 |
| 040 ## - Източник на каталожния запис | |
| Код на библиотеката | BLK |
| 041 ## - Код за език | |
| Език | Български |
| Език за КДБФ | Български |
| 080 ## - УДК | |
| УДК текст | Хронология. Календар. Определяне на времето - Денонощие, средно и истинско слънчево)време, различни видове години, месеци, седмици, вечен календар, християнски календари, астрономическо време |
| УДК код | 529 |
| УДК – определител | :087.5 |
| УДК – код + определител | 529:087.5 |
| 100 ## - Редна дума - Автор | |
| Автор | Прус, Даниела |
| R(LIN) | 1299 |
| 245 ## - Сведения за заглавието | |
| Заглавие | Днес, утре, сега, веднага... |
| Подзаглавни данни | Енциклопедия за най-малките : С повдигащи се капачета на всяка страница |
| Авторска отговорност | Даниела Прус; ил. Сузане Счесний; прев. Розалина Палазова |
| 260 ## - Област на издателските данни | |
| Име на издателя | Фют |
| Година на издаване | 2023 |
| Място на издаване | София |
| 300 ## - Физическа характеристика | |
| Брой страници | 16 с. |
| Илюстрации | с цв. ил. |
| Размер | 20 см |
| 380 ## - Жанр | |
| Жанр | Детска отраслова лит. |
| 490 ## - СЕРИИ (Колекции) | |
| 9 (RLIN) | 208015 |
| Серия | Поредица Защо? Какво? Как? |
| Номер в серията | 22 |
| 653 #7 - Ключова дума – ненормативна | |
| 9 (RLIN) | 184826 |
| Ключови думи | детска литература |
| 700 1# - Други автори (авторска отговорност) | |
| Друг автор | Палазова, Розалина Борилова |
| Друга информация | Журналист. Преводач от немски език. |
| 9 (RLIN) | 105705 |
| 942 ## - АРТИКУЛИ | |
| Вид на библиотечния документ | Книги |
| Източник на класификационната схема | Universal Decimal Classification |
| Скрит в OPAC | Не |
| Koha issues (borrowed), all copies | 97 |
| Периодичен библиозапис | Да |
| 944 ## - СЪЗДАВАНЕ И РЕДАКЦИЯ на ЗАПИСА | |
| Дата на регистрацията/редакция | Нора Радева |
| Служител, извършил регистрацията/редакцията | 30531 |
| Номер на служител | Цветелина Шанова |
| 999 ## - СИСТЕМНИ КОНТРОЛНИ НОМЕРА | |
| Koha biblionumber | 495555 |
| Koha biblioitemnumber | 495555 |
| Код за отписване | Код за изгубен артикул | Източник на класификационната схема | Код за повреда | Код за отдаване | Артикулен № | Име на библиотеката - собственик | Име на библиотеката, в която се намира в момента | Статус (Текущо местоположение) | Дата на вписване в системата | Местоположение - отдел | Цена в лева | Инвентарен номер | Систематично азбучна сигнатура | Баркод | Цена в евро | Служебен тип на артикула |
|---|---|---|---|---|---|---|---|---|---|---|---|---|---|---|---|---|
| Не е изгубен | Universal Decimal Classification | Не е повреден | заемане за дома | 933671 | Регионална библиотека "Любен Каравелов" Русе | Регионална библиотека "Любен Каравелов" Русе | Детски отдел | 2023-09-15 | Детски отдел | 14.90 | 120000892767 | 52/П 92 Д | 120000892767 | 7.62 | Книги | |
| Не е изгубен | Universal Decimal Classification | Не е повреден | заемане за дома | 933672 | Регионална библиотека "Любен Каравелов" Русе | Регионална библиотека "Любен Каравелов" Русе | Детски отдел | 2023-09-15 | Детски отдел | 14.90 | 120000892768 | 52/П 92 Д | 120000892768 | 7.62 | Книги | |
| Не е изгубен | Universal Decimal Classification | Не е повреден | заемане за дома | 933673 | Регионална библиотека "Любен Каравелов" Русе | Регионална библиотека "Любен Каравелов" Русе | Детски отдел | 2023-09-15 | Детски отдел | 14.90 | 120000892769 | 52/П 92 Д | 120000892769 | 7.62 | Книги |